Riadenie v krízových situáciách na úrovni okresu a obce na Slovensku (sociologický pohľad)

Charakteristika systému krízového manažmentu na Slovensku z pohľadu sociológie.

Uložené v:
Podrobná bibliografia
Hlavný autor: Škvrnda, František
Médium: Kapitola
Jazyk:Slovak
Predmet:
Tagy: Pridať tag
Žiadne tagy, Buďte prvý, kto otaguje tento záznam!

MARC

LEADER 00000naa$a2200000$$$4500
001 0174691
005 20240502083416.0
041 0 |a slo 
044 |a PL 
245 1 0 |a Riadenie v krízových situáciách na úrovni okresu a obce na Slovensku (sociologický pohľad)  |c František Škvrnda 
520 |a Charakteristika systému krízového manažmentu na Slovensku z pohľadu sociológie. 
610 2 0 |a kríza 
610 2 0 |a manažment krízový 
610 2 0 |a obce 
610 2 0 |a okresy 
610 2 0 |a bezpečnosť 
610 2 0 |a sociológia 
610 2 0 |a Slovensko 
100 1 |a Škvrnda, František